[Event "Steinfurt Bezirksklasse 0203"]
[Site "Germany"]
[Date "2002.09.28"]
[Round "1.4"]
[White "Gaupel, Michael"]
[Black "Kroeger, Ralf"]
[Result "1/2-1/2"]
[WhiteElo "1244"]
[BlackElo "1282"]
[PlyCount "66"]
[EventDate "2002.09.28"]
[EventType "team-tourn"]
[EventRounds "7"]
[EventCountry "GER"]
[SourceTitle "EXT 2005"]
[Source "ChessBase"]
[SourceDate "2004.11.15"]
[SourceVersion "1"]
[SourceVersionDate "2004.11.15"]
[SourceQuality "1"]
[WhiteTeam "Steinfurt IV"]
[BlackTeam "Steinfurt III"]
[WhiteTeamCountry "GER"]
[BlackTeamCountry "GER"]

1. Nf3 d5 2. d4 Nc6 3. g3 Bf5 4. Nc3 Nf6 5. Bg2 e6 6. Ne5 Qd6 7. f4 Be7 8. e3 Nb4 9. Nd3 Nxd3+ 10. cxd3 Qa6 11. e4 dxe4 12. dxe4 Bg4 13. Qa4+ Qxa4 14. Nxa4 0-0-0 15. h3 Rxd4 16. Nc3 Bxh3 17. Rxh3 Bb4 18. g4 Bxc3+ 19. bxc3 Rc4 20. e5 Nxg4 21. Rg3 h5 22. Rb1 c6 23. Rb2 g6 24. Rd2 Nh6 25. Rgd3 Nf5 26. Ba3 Rxf4 27. Rd7 Ne3 28. Bh3 Nd5 29. Rd6 Re4+ 30. Kf2 Rxe5 31. Bc5 a6 32. Bd4 Re4 33. Bxh8 Kc7 1/2-1/2